[Ligue 1] Les meilleurs buteurs Saison 2017-2018 - Statistiques

Statistiques générales
  • Ce quiz a été pris 183 fois
  • Le résultat moyen est 8 sur 12
Statistiques - réponses
Club Joueur Buts % Correct
Paris SG Edinson Cavani 28
100%
Olympique de Marseille Florian Thauvin 22
95%
Paris SG Neymar 19
95%
Olympique Lyonnais Memphis Depay 19
79%
AS Monaco Radamel Falcao 18
79%
OGC Nice Mario Balotelli 18
76%
Olympique Lyonnais Nabil Fekir 18
75%
Olympique Lyonnais Mariano Diaz 18
66%
SCO Angers Karl Toko Ekambi 17
51%
OGC Nice Alassane Pléa 16
48%
FC Metz Nolan Roux 15
44%
AS Monaco Rony Lopes 15
29%
Aucun quiz correspondant
Distribution des résultats
% des personnes avec chaque résultat
Percentile par nombre de réponses
Votre historique - résultats
Vous n’avez pas pris ce quiz